00543 2200205 4500001002100000005001500021035002000036245005600056250001200112300002900124020002200153082001000175084001600185264003800201336002700239337002000266338002700286600001500313990000900328INLIS00000000000215020260304090836 a0010-01260000791 aMisteri Rumah Sebelah /cDanira Ramadina Rizal, dkk aCet. VI a96 hlm :bilust ;c21 cm a978-602-367-865-5 a741.5 a741.5 DAN m aBandung :bMuffin Grapichs,c2023 2rdacontentaSeni/Komik 2rdamediaafisik 2rdacarrierahard cover 4aSeni/Komik a6416